Taxation and Economic Behaviour : (Record no. 614880)

MARC details
000 -LEADER
fixed length control field 00519nam a2200193 a 4500
008 - FIXED-LENGTH DATA ELEMENTS--GENERAL INFORMATION
fixed length control field 260221s2001##################000#0#eng##
020 ## - INTERNATIONAL STANDARD BOOK NUMBER
ISBN 9781840647327
082 04 - DEWEY DECIMAL CLASSIFICATION NUMBER
Classification number 336.2
Item number CRE.1
100 1# - MAIN ENTRY--AUTHOR NAME
Personal name Creedy, John,
245 10 - TITLE STATEMENT
Title Taxation and Economic Behaviour :
260 ## - PUBLICATION, DISTRIBUTION, ETC. (IMPRINT)
Name of publisher Edward Elgar Publishing,
Year of publication 2001.
300 ## - PHYSICAL DESCRIPTION
Number of Pages 362 pages
650 #0 - SUBJECT ADDED ENTRY--TOPICAL TERM
Topical Term Business & Economics.
942 ## - ADDED ENTRY ELEMENTS (KOHA)
Koha item type English Books

No items available.

Find us on the map